مكتبة جامعة عجلون الوطنية

فهرس بحث المكتبة

]دور مجلس الأمن الدولي في التأثير على عمل المحكمة الجنائية الدولية =The Role of the UN Security council in Influencing the Work of the international Criminal Court / (Record no. 33564)

MARC details
000 -LEADER
fixed length control field 01023nam a22001937a 4500
003 - CONTROL NUMBER IDENTIFIER
control field JO-AjAnu
005 - DATE AND TIME OF LATEST TRANSACTION
control field 20240708091022.0
008 - FIXED-LENGTH DATA ELEMENTS--GENERAL INFORMATION
fixed length control field 240706b jo ||||| |||| 00| 0 ara d
040 ## - CATALOGING SOURCE
Transcribing agency JO-AjAnu
041 ## - LANGUAGE CODE
Language code of text/sound track or separate title ARA
100 #1 - MAIN ENTRY--PERSONAL NAME
Personal name بني فواز ، مرام زكي يوسف
9 (RLIN) 66019
Relator term معد
245 0# - TITLE STATEMENT
Title ]دور مجلس الأمن الدولي في التأثير على عمل المحكمة الجنائية الدولية =The Role of the UN Security council in Influencing the Work of the international Criminal Court /
Statement of responsibility, etc. اعداد مرام زكي يوسف بني فواز ؛ إشراف طلال العيسى
260 ## - PUBLICATION, DISTRIBUTION, ETC.
Date of publication, distribution, etc. 2024
300 ## - PHYSICAL DESCRIPTION
Extent 117 ورقة
500 ## - GENERAL NOTE
General note رسالة جامعية (ماجستير) .- جامعة عجلون الوطنية (عجلون، الأردن)، كلية الحقوق، تخصص القانون، 2024<br/>
650 70 - SUBJECT ADDED ENTRY--TOPICAL TERM
Topical term or geographic name entry element مجلس الامن - المحكمة الجنائية الدولية
9 (RLIN) 66020
700 #1 - ADDED ENTRY--PERSONAL NAME
Personal name العيسى،طلال
9 (RLIN) 66021
Relator term مشرف
942 ## - ADDED ENTRY ELEMENTS (KOHA)
Source of classification or shelving scheme Library of Congress Classification
Koha item type Thesis
Suppress in OPAC No
Holdings
Withdrawn status Lost status Source of classification or shelving scheme Damaged status Not for loan Home library Current library Date acquired Total Checkouts Full call number Barcode Date last seen Price effective from Koha item type
    Library of Congress Classification     مكتبة جامعة عجلون الوطنية مكتبة جامعة عجلون الوطنية 06/07/2024   KZ6310 2024 A29982 06/07/2024 06/07/2024 Thesis
    Library of Congress Classification     مكتبة جامعة عجلون الوطنية مكتبة جامعة عجلون الوطنية 06/07/2024   KZ6310 2024 A29983 06/07/2024 06/07/2024 Thesis